| Tag |
First Indicator |
Second Indicator |
Subfields |
| LEADER |
00000cam a22000005a 4500 |
| 001 |
in00001513412 |
| 005 |
20151021101444.0 |
| 008 |
981125s1997 ag a j 000 0 spa d |
| 020 |
|
|
|a 8488155549
|
| 035 |
|
|
|a (OCoLC)40402981
|
| 035 |
|
|
|9 AJL0021AM
|
| 040 |
|
|
|a JRB
|c JRB
|d UtOrBLW
|
| 041 |
1 |
|
|a spa
|h eng
|
| 049 |
|
|
|a TXAM
|
| 090 |
|
|
|a GV1493
|b .W95 1997
|
| 092 |
|
|
|a 793.73
|b W
|
| 100 |
1 |
|
|a Wylie, Clarence Raymond,
|d 1911-
|
| 240 |
1 |
0 |
|a 101 puzzles in thought and logic.
|l Spanish
|
| 245 |
1 |
0 |
|a 101 acertijos /
|c C. R. Wylie.
|
| 264 |
|
1 |
|a Buenos Aires :
|b Juegos & Co.,
|c 1997.
|
| 300 |
|
|
|a 130 pages :
|b illustrations
|
| 336 |
|
|
|a text
|b txt
|2 rdacontent
|
| 337 |
|
|
|a unmediated
|b n
|2 rdamedia
|
| 338 |
|
|
|a volume
|b nc
|2 rdacarrier
|
| 650 |
|
0 |
|a Puzzles.
|
| 650 |
|
0 |
|a Spanish language.
|
| 650 |
|
7 |
|a Rompedabezas.
|2 bidex
|
| 948 |
|
|
|a c:pk
|
| 999 |
|
|
|a MARS
|
| 999 |
f |
f |
|s 1ecad103-7ed3-3486-8467-4dded5e3717e
|i 8a27131c-fb2b-3baa-affd-d12ea8884d45
|t 0
|
| 952 |
f |
f |
|p ric
|a Texas A&M University
|b Rellis Campus
|c Joint Library Facility
|d Remote Storage
|t 0
|e GV1493 .W95 1997
|h Library of Congress classification
|i unmediated -- volume
|m A14825348242
|
| 998 |
f |
f |
|a GV1493 .W95 1997
|t 0
|l Remote Storage
|